| 000 | 00621nam a22001937a 4500 | ||
|---|---|---|---|
| 005 | 20170811155557.0 | ||
| 010 | _aENG-119638 | ||
| 020 |
_a9789386288639 _c400.00 |
||
| 035 | _aEN-103170 | ||
| 037 | _bDBAD/PUB | ||
| 082 | _a327.54 | ||
| 100 | _aEram Fatma | ||
| 245 |
_aIndia-China border : _cby Earm Fatma _ba case study of Sikkim's Nathu La/ |
||
| 260 |
_aNew Delhi _bKW Publishers Pvt. Ltd _c2017 |
||
| 270 |
_a4676/21, First Floor, Ansari Road, Daryaganj _bNew Delhi _e110002 |
||
| 300 |
_av,135p. _c23cm(Hb) |
||
| 500 | _aIncludes bibliographical references | ||
| 942 |
_2ddc _cEN _h327.54 _mERA |
||
| 999 |
_c143299 _d143299 |
||